000 00942cab a22002415a 4500
001 L153384
008 110719e20110715xxk 000 0 eng d
035 _a(Sirsi) u153384
041 0 _aeng
100 1 _aPatterson, Lindy
245 0 2 _aA tough Act to follow
260 _c2011
490 _aBuilding
_v276 (8687) 15 July 2011, 43(1)
520 _aAll standard contracts are being revised to conform with the new Construction Act; looks at the forthcoming JCT changes, JCT 2011.
590 _aKA
650 2 4 _aHOUSING GRANTS, CONSTRUCTION AND REGENERATION ACT 1996
650 2 4 _aLOCAL DEMOCRACY, ECONOMIC DEVELOPMENT AND CONSTRUCTION ACT 2009
651 4 _aUnited Kingdom
_y
690 _aBUILT ENVIRONMENT-BUILDING CONTRACT FORMS-STANDARD FORMS OF BUILDING CONTRACT
690 _aBUILT ENVIRONMENT-CONSTRUCTION MANAGEMENT
690 _aBUILT ENVIRONMENT-CONSTRUCTION MANAGEMENT-BUILDING CONTRACT ADMINISTRATION
942 _n0
999 _c83274
_d83274